Every 100,000+ City in Kazakhstan in Order - Statistics

General Stats
  • This quiz has been taken 56 times
    21 since last reset
  • The average score is 15 of 23
Answer Stats
Letter Population City % Correct
A 3,127,228 Almaty
100%
A 1,521,003 Astana
100%
A 732,016 Aktobe
94%
S 1,485,128 Shymkent
94%
K 531,076 Karaganda
89%
P 384,402 Pavlodar
89%
A 424,136 Atyrau
83%
U 411,593 Uralsk
83%
A 358,436 Aktau
78%
K 362,520 Kyzylorda
78%
O 403,066 Oskemen
78%
P 240,700 Petropavl
78%
T 488,150 Taraz
78%
S 331,039 Semey
72%
T 306,190 Turkistan
72%
K 282,083 Kostanay
67%
R 124,955 Rudny
50%
K 217,863 Kokshetau
44%
E 167,732 Ekıbastūz
33%
T 170,008 Taldykorgan
28%
T 193,406 Temirtau
28%
Z 154,669 Zhanaozen
17%
Z 109,019 Zhezqazghan
11%
No matching quizzes found
Score Distribution
Percent of People with Each Score
Percentile by Number Answered
Your Score History
You have not taken this quiz since the last reset